000 00550nam a2200205Ka 4500
999 _c7004
_d7004
001 495353186
003 OCoLC
005 20190122132406.0
008 091229s19uu pau 000 0 eng d
035 _a(OCoLC)495353186
040 _aCIRBC
_cCIRBC
082 _a248.2
_bN372L
092 _a248.46
_bN372L
100 1 _aNee, Watchman.
245 1 0 _aLove not the world /
_cWatchman Nee.
260 _aFort Washington, PA :
_bChristian Literature Crusade,
_c[19??].
300 _avii, 94 p. ;
_c19 cm.
650 0 0 _aChristian life.
942 _2ddc
_cBK